000 00629nam a2200241 i 4500
001 C2-0132680
003 PPAK
005 20180727123101.0
008 971025s1990 nyua|||| ||||| | eng d
020 _a0027573818
040 _aPPAK
_beng
_cPPAK
_erda
082 0 4 _a599.74428
_223
090 0 0 _a599.74428
_bLEW
_dK
100 1 _aLewin, Ted,
_eauthor
245 1 0 _aTiger trek
264 1 _aNew York :
_bMacmillan ,
_c1990
300 _a[32 pages] :
_bcolour illustrations ;
_c27 cm
336 _2rdacontent
_atext
337 _2rdamedia
_aunmediated
338 _2rdacarrier
_avolume
650 1 0 _aTigers
942 _ddc
_cB
999 _c41618
_d41618